000 00463nmm a2200157Ia 4500
008 251105s9999||||xx |||||||||||||||||und||
020 _a9789562845236
041 _aspa
100 _aOlavarría, Mauricio
245 0 _aEl crimen en Chile :
_b Una mirada desde las víctimas
264 _a[Santiago de Chile, Chile] :
_bRil editores,
_c2007
300 _a112 páginas
650 _aLaw
856 _uhttps://public.digitaliapublishing.com/a/29693
942 _cCF
999 _c94387
_d94387